000 00513nam a2200193Ia 4500
005 20250508155640.0
008 008 250505s9999 xx 000 0 eng d
037 _aTextual
040 _aFEDL
_beng
_cFEDL
041 _aeng
_2eng
084 _a822, MAR
_qFEDL
100 _aMarriott J W
245 0 _aOne-act plays of to-day
260 _aLondon, UK
_bGeorge G Harrap and Co. Ltd.
_c1924
300 _a271p.
546 _aFirst series
942 _cTEXL
_h822, MAR
999 _c1358502
_d1358502